000 00659nmm a2200193Ia 4500
008 251105s9999||||xx |||||||||||||||||und||
020 _a8479087161
041 _aspa
100 _aDurá Domenech, A.
245 0 _aFundamentos físicos de las construcciones arquitectónicas. Vectores deslizantes, geometría de masas y estática
264 _a[Madrid, España] :
_bPublicaciones de la Universidad de Alicante,
_c2002
300 _a428 páginas
490 _aArquitectura
650 _aArchitecture & Sculpture
700 _aDurá Domenech, A.
700 1 _a Vera Guarinos, J.
856 _uhttps://public.digitaliapublishing.com/a/666
942 _cCF
999 _c64942
_d64942